ផ្សព្វផ្សាយកសិកម្ម Agricultural extension (Record no. 9191)
[ view plain ]
| 000 -LEADER | |
|---|---|
| fixed length control field | 00318nam a22001217a 4500 |
| 040 ## - CATALOGING SOURCE | |
| Transcribing agency | HS |
| 082 ## - DEWEY DECIMAL CLASSIFICATION NUMBER | |
| Classification number | 630 |
| 100 ## - MAIN ENTRY--AUTHOR NAME | |
| Personal name | ជួង សុផល |
| 245 ## - TITLE STATEMENT | |
| Title | ផ្សព្វផ្សាយកសិកម្ម Agricultural extension |
| 260 ## - PUBLICATION, DISTRIBUTION, ETC. (IMPRINT) | |
| Place of publication | RUA |
| Name of publisher | ជួង សុផល |
| Year of publication | 2009 |
| 300 ## - PHYSICAL DESCRIPTION | |
| Number of Pages | 65p; |
| 942 ## - ADDED ENTRY ELEMENTS (KOHA) | |
| Koha item type | សៀវភៅភាសាខ្មែរ |
| 952 ## - LOCATION AND ITEM INFORMATION (KOHA) | |
| Withdrawn status [LOCAL, KOHA] | 0 |
| 952 ## - LOCATION AND ITEM INFORMATION (KOHA) | |
| Withdrawn status [LOCAL, KOHA] | 0 |
| 952 ## - LOCATION AND ITEM INFORMATION (KOHA) | |
| Withdrawn status [LOCAL, KOHA] | 0 |
| Permanent Location | Date acquired | Koha item type | Lost status | Shelving location | Barcode | Current Location | Full call number |
|---|---|---|---|---|---|---|---|
| Library Block C | 2016-08-25 | សៀវភៅភាសាខ្មែរ | C250 | RUA44572 | Library Block C | 630 ជួង 2009 C250 | |
| Library Block C | 2016-09-05 | សៀវភៅភាសាខ្មែរ | C251 | RUA44122 | Library Block C | 639 ជួង 2009 C251 | |
| Library Block C | 2016-09-15 | សៀវភៅភាសាខ្មែរ | C247 | RUA41340 | Library Block C | 630 ជួង 2009 C247 |